[Event "Bratislava-ch"]
[White "Smolen, Jan"]
[Black "Hebelka, Milos"]
[Site "Bratislava"]
[Round "6"]
[Result "0-1"]
[Date "2003.04.08"]
[WhiteElo "2246"]
[BlackElo "2106"]
[PlyCount "134"]
[EventDate "2003.03.??"]
[EventType "swiss"]
[EventRounds "9"]
[EventCountry "SVK"]
[SourceTitle "EXT 2006"]
[Source "ChessBase"]
[SourceDate "2005.11.24"]
[SourceVersion "1"]
[SourceVersionDate "2005.11.24"]
[SourceQuality "1"]

1. e4 e5 2. Bc4 d6 3. Nf3 Be7 4. d4 exd4 5. Nxd4 Nf6 6. Nc3 0-0 7. Bf4 Nc6 8. Nxc6 bxc6 9. 0-0 Nd7 10. Ne2 Nb6 11. Bb3 Bf6 12. c3 a5 13. Nd4 Qe8 14. Re1 a4 15. Bc2 c5 16. Nf3 Nc4 17. e5 Nxe5 18. Nxe5 dxe5 19. Bxe5 Bxe5 20. Qd5 Rb8 21. Rxe5 Be6 22. Qe4 g6 23. Bxa4 Qe7 24. Bb3 Qf6 25. Bxe6 fxe6 26. Rf1 Rxb2 27. Rxe6 Qxc3 28. Qd5 Kh8 29. a4 Rbxf2 30. Rd1 R2f5 31. Qe4 Qb4 32. Qxb4 cxb4 33. Rc6 R8f7 34. Rb1 b3 35. Rc3 b2 36. Rb3 Ra5 37. R3xb2 Rxa4 38. Rc2 Ra8 39. Rc6 Kg8 40. h4 Rd8 41. Rb7 Rc8 42. Kh2 Kf8 43. g4 Ke8 44. h5 gxh5 45. gxh5 Kd7 46. Rc5 Kd6 47. Rg5 Re8 48. Rb3 Re5 49. Rxe5 Kxe5 50. Rb5+ Kd4 51. Rb7 h6 52. Kg3 Ke4 53. Ra7 Rg7+ 54. Kh4 Kd5 55. Ra8 Rf7 56. Rd8+ Ke6 57. Rc8 Kd7 58. Ra8 Rf6 59. Ra7 Kd6 60. Kg4 c5 61. Ra8 Kd5 62. Rd8+ Rd6 63. Rc8 c4 64. Kf3 Kd4 65. Ke2 Kc3 66. Rh8 Kc2 67. Rg8 Rd5 0-1

[Event "Bratislava-ch"]
[White "Zitniak, Jan"]
[Black "Hebelka, Milos"]
[Site "Bratislava"]
[Round "3"]
[Result "1/2-1/2"]
[Date "2003.04.03"]
[WhiteElo "1827"]
[BlackElo "2106"]
[PlyCount "80"]
[EventDate "2003.03.??"]
[EventType "swiss"]
[EventRounds "9"]
[EventCountry "SVK"]
[SourceTitle "EXT 2006"]
[Source "ChessBase"]
[SourceDate "2005.11.24"]
[SourceVersion "1"]
[SourceVersionDate "2005.11.24"]
[SourceQuality "1"]

1. e4 e5 2. Nf3 Nc6 3. Bb5 a6 4. Ba4 Nf6 5. d3 d6 6. Bg5 Be7 7. 0-0 Bg4 8. Bxc6+ bxc6 9. h3 Be6 10. Nbd2 h6 11. Bxf6 Bxf6 12. b3 a5 13. a4 d5 14. Rb1 0-0 15. Qe2 Re8 16. Rfe1 Qd7 17. Qf1 d4 18. Kh2 Reb8 19. Nc4 Bxc4 20. dxc4 c5 21. Red1 Qe6 22. Ne1 Be7 23. Nd3 Bd6 24. Qe2 f5 25. f3 Rf8 26. Rf1 Rf6 27. g4 fxg4 28. fxg4 Raf8 29. Kg2 Qe7 30. Rxf6 Rxf6 31. Rf1 h5 32. Rxf6 Qxf6 33. gxh5 Qg5+ 34. Kh2 Kh8 35. Qf3 Be7 36. Qg2 Qxh5 37. Qg4 Qh6 38. Qc8+ Kh7 39. Qf5+ Kh8 40. Qc8+ Kh7 1/2-1/2

[Event "Bratislava-ch"]
[White "Hebelka, Milos"]
[Black "Vrba, Michal"]
[Site "Bratislava"]
[Round "2"]
[Result "1-0"]
[Date "2003.04.01"]
[WhiteElo "2106"]
[BlackElo "1858"]
[PlyCount "69"]
[EventDate "2003.03.??"]
[EventType "swiss"]
[EventRounds "9"]
[EventCountry "SVK"]
[SourceTitle "EXT 2006"]
[Source "ChessBase"]
[SourceDate "2005.11.24"]
[SourceVersion "1"]
[SourceVersionDate "2005.11.24"]
[SourceQuality "1"]

1. e4 d5 2. exd5 Qxd5 3. Nc3 Qa5 4. d4 c6 5. Bc4 Bf5 6. Nge2 Nf6 7. a3 e6 8. Bf4 Nbd7 9. 0-0 Be7 10. b4 Qd8 11. Ng3 Bg6 12. Bb3 Nd5 13. Nce2 0-0 14. c4 N5f6 15. c5 Nd5 16. Bxd5 exd5 17. Nc3 a6 18. Re1 Re8 19. Qd2 Nf8 20. a4 Ne6 21. Be3 Nc7 22. Re2 Bf6 23. Rae1 Qd7 24. h3 h6 25. Bf4 Ne6 26. Be5 Bh4 27. a5 Qd8 28. Na4 Bf6 29. Nb6 Bxe5 30. Rxe5 Rb8 31. f4 Nc7 32. f5 Bh7 33. Qe3 f6 34. Re7 Kf8 35. Nd7+ 1-0

[Event "Bratislava-ch"]
[White "Reich, Roland"]
[Black "Hebelka, Milos"]
[Site "Bratislava"]
[Round "1"]
[Result "0-1"]
[Date "2003.03.30"]
[WhiteElo "1737"]
[BlackElo "2106"]
[PlyCount "124"]
[EventDate "2003.03.??"]
[EventType "swiss"]
[EventRounds "9"]
[EventCountry "SVK"]
[SourceTitle "EXT 2006"]
[Source "ChessBase"]
[SourceDate "2005.11.24"]
[SourceVersion "1"]
[SourceVersionDate "2005.11.24"]
[SourceQuality "1"]

1. f4 e5 2. fxe5 d6 3. Nf3 dxe5 4. Nxe5 Bd6 5. d4 Nc6 6. Bf4 Qf6 7. e3 Nxe5 8. Bxe5 Bxe5 9. dxe5 Qh4+ 10. Kd2 Be6 11. Bd3 Ne7 12. Nc3 0-0-0 13. Qf3 Nc6 14. Qf4 Rd4 15. Ne4 Qxf4 16. exf4 Rhd8 17. Ke3 Nb4 18. Nc5 Nxd3 19. Nxd3 Bf5 20. Rad1 Re4+ 21. Kf3 Rc4 22. Rc1 h5 23. h3 Be4+ 24. Kf2 Bxd3 25. cxd3 Rxf4+ 26. Ke3 Rf5 27. d4 f6 28. Rcf1 Rg5 29. exf6 gxf6 30. Rxf6 Rxg2 31. Rf5 h4 32. Rb5 c6 33. Rh5 Rxb2 34. Rxh4 Rxa2 35. Re4 Kd7 36. h4 Rh8 37. h5 Rh6 38. Kf4 Rg2 39. Kf5 Rg7 40. Rg4 Rgh7 41. Rg5 a5 42. Ke4 a4 43. Ra5 Kd6 44. Rxa4 Rxh5 45. Rf1 Rh3 46. Rf6+ Kc7 47. Rf5 R7h4+ 48. Rf4 Rxf4+ 49. Kxf4 b5 50. Rb4 Kb6 51. Ke5 Ka5 52. Rb1 b4 53. Kd6 Rc3 54. Ra1+ Kb5 55. Ra8 b3 56. Rb8+ Ka4 57. Ra8+ Kb4 58. Rb8+ Ka3 59. Ra8+ Kb2 60. Rc8 Ka2 61. Ra8+ Kb1 62. Ra3 Kc2 0-1

[Event "Bratislava Slovan op"]
[White "Hebelka, Milos"]
[Black "Federic, Pavol"]
[Site "Bratislava"]
[Round "?"]
[Result "0-1"]
[Date "2003.??.??"]
[WhiteElo "2115"]
[BlackElo "2165"]
[PlyCount "92"]
[EventDate "2003.04.??"]
[EventType "swiss"]
[EventRounds "9"]
[EventCountry "SVK"]
[SourceTitle "EXT 2005"]
[Source "ChessBase"]
[SourceDate "2004.11.15"]
[SourceVersion "1"]
[SourceVersionDate "2004.11.15"]
[SourceQuality "1"]

1. e4 e5 2. Nf3 Nc6 3. Bb5 a6 4. Ba4 Nf6 5. 0-0 Nxe4 6. d4 b5 7. Bb3 d5 8. dxe5 Be6 9. c3 Be7 10. Nbd2 Nc5 11. Bc2 0-0 12. Nb3 Bg4 13. Re1 f6 14. exf6 Rxf6 15. Bg5 Bxf3 16. gxf3 Nxb3 17. Bxb3 Rd6 18. Bf4 Rd7 19. Qe2 Kh8 20. Qe6 Bd6 21. Bg3 Bxg3 22. hxg3 Rd6 23. Qf5 Ne7 24. Qf7 Ng6 25. Re3 Qd7 26. Qxd7 Rxd7 27. Rae1 Kg8 28. f4 Kf7 29. Kg2 c5 30. f5 Nf8 31. g4 c4 32. Bc2 a5 33. Kg3 Raa7 34. R1e2 d4 35. cxd4 Rxd4 36. b3 a4 37. bxa4 b4 38. Re4 Rad7 39. a5 Kf6 40. f4 h6 41. Rxd4 Rxd4 42. a6 Rd7 43. Re8 b3 44. axb3 cxb3 45. Bxb3 Rd3+ 46. Kh4 g5+ 0-1